000 00919nam a22002417a 4500
005 20110908145123.0
008 110908t xxu||||| |||| 00| 0 eng d
010 _aENG-103808
020 _c160.00
035 _aEN-87341
037 _bDBAD/PUB
040 _aDPL
_bEng
082 _a000
100 1 _934669
_aRaviraman, TU.
245 1 4 _aRailway clerical recruitment of goods guard, ticket collector, and all clerical vacancies :
_cby TU. Raviraman
_bgeneral knowledge, general English, general arithmatic, analytical & quantitative skills /
260 _aChennai
_bTiger Books
_c2009
270 _a9, Umpherson Street, 1st Floor, Broadway,
_bChennai
_e600108
300 _a176p.
_c27cm (pbk)
650 0 _934671
700 _934736
942 _2ddc
_cEN
_mRAV
_h000
999 _c56813
_d56813